1190 1297 1493 1020 1169 1996 1440 1169 1528 1022 1065 1288 1880 1927 1026 1251 1704 1527 1810 1696 1631 1257 1987 1148 1421 1284 1388 1252 1625 1619 1144 1867 1418 1044 1942 1206 1432 1644 1891 1935 1964 1799 1792 1620 1228 1067 1107 1221 1328 1755 1006 1843 1425 1858 1279 1627 1011 1595 1475 1219 1452 1076 1220 1086 1563 1820 1802 1008 1149 1541 1659 1672 1592 1473 1481 1771 1979 1493 1145 1748 1420 1279 1229 1448 1154 1808 1156 1484 1747 1817 1650 1160 1435 1828 1233 1290 1141 1876 1857 BCNSPRNW ULIB Ver.6.0+V

เปลี่ยนเป็นภาษาไทย

Change to English
 แสดงรายละเอียดบรรณานุกรม
  กลับหน้าหลัก

Brief Record : Get Marc (ISO 2709) : E-mail record : QR code < ปิดหน้าต่าง
LEADER : 00000nam 2200000uu 4500
001    13399120672
003     ULIB
008    121002s2549||||th 000 0 tha d
020    ^a9749993713
050 04 ^aBF713^bพ263ท
100 0  ^aพรรณทิพย์ ศิริวรรณบุศย์
245 10 ^aทฤษฎีจิตวิทยาพัฒนาการ /^cพรรณทิพย์ ศิริวรรณบุศย์
250    ^aพิมพ์ครั้งที่ 3 (ฉบับปรับปรุง)
260    ^aกรุงเทพฯ :^bสำนักพิมพ์แห่งจุฬาลงกรณ์มหาวิทยาลัย,^c2549
300    ^a197 หน้า :^bภาพประกอบ ;^c26 ซม.
650  7 ^aจิตวิทยาพัฒนาการ
650  7 ^aพฤติกรรมมนุษย์
945    ^p150^l0^i14870
945    ^p150^l0^i14871
995    ^aวิภา
999 ^a ใช้งานได้ทุกระบบ
รายการนี้ยังไม่มีแท็ก
คุณยังไม่ได้ล็อกอิน คุณสามารถมีกิจกรรมร่วมกับเว็บไซต์ได้ แต่ต้องล็อกอินก่อน ::
  ล็อกอิน

รายการสื่อสารสนเทศ

ลำดับที่ ประเภท เลขเรียก/บาร์โค้ด สถานที่ สถานะ
1. วิทยาศาสตร์การแพทย์ และสุขภาพ
วิทยาศาสตร์การแพทย์ และสุขภาพ
BF713 พ263ท  
  Barcode: 14870
ห้องสมุดวิทยาเขตสวรรค์ประชารักษ์
►หนังสือทั่วไป
บนชั้น
2. วิทยาศาสตร์การแพทย์ และสุขภาพ
วิทยาศาสตร์การแพทย์ และสุขภาพ
BF713 พ263ท ฉ.2 
  Barcode: 14871
ห้องสมุดวิทยาเขตสวรรค์ประชารักษ์
►หนังสือทั่วไป
บนชั้น

รายการใกล้เคียง
    ผู้แต่ง [พรรณทิพย์ ศิริวรรณบุศย์]

    หัวเรื่อง [จิตวิทยาพัฒนาการ]
    หัวเรื่อง [พฤติกรรมมนุษย์]

BibComment


ยังไม่เคยถูกคอมเมนท์

คอมเมนท์ทรัพยากรรายการนี้
  คอมเมนท์: ทฤษฎีจิตวิทยาพัฒ..


 Copyright 2026. Bcnsprnw @Library